Project management : (Record no. 541827)

000 -LEADER
fixed length control field 00712pam a2200193 a 4500
020 ## - INTERNATIONAL STANDARD BOOK NUMBER
International Standard Book Number 0471873993 :
082 00 - DEWEY DECIMAL CLASSIFICATION NUMBER
Classification number 624.068
Author Mark AHU
-- L-40,P-32
100 1# - MAIN ENTRY--PERSONAL NAME
Personal name Ahuja, H. N.
9 (RLIN) 36879
245 10 - TITLE STATEMENT
Title Project management :
Remainder of title techniques in planning and controlling construction projects /
Statement of responsibility, etc. Hira N. Ahuja.
260 ## - PUBLICATION, DISTRIBUTION, ETC.
Place of publication, distribution, etc. New York :
Name of publisher, distributor, etc. Wiley,
Date of publication, distribution, etc. c1984.
300 ## - PHYSICAL DESCRIPTION
Extent xvii, 470 p. :
Other physical details ill. ;
Dimensions 24 cm.
500 ## - GENERAL NOTE
General note "A Wiley-Interscience publication."
500 ## - GENERAL NOTE
General note "Based on Hira N. Ahuja's earlier Construction performance control by networks"--Jacket.
500 ## - GENERAL NOTE
General note Includes index.
526 ## - STUDY PROGRAM INFORMATION NOTE
Program name 0
Interest level 0
Reading level 0
Title point value 624_068000000000000_AHU
650 #0 - SUBJECT ADDED ENTRY--TOPICAL TERM
Topical term or geographic name entry element Construction industry
General subdivision Management.
9 (RLIN) 806
650 #0 - SUBJECT ADDED ENTRY--TOPICAL TERM
Topical term or geographic name entry element MCE
9 (RLIN) 379
942 ## - ADDED ENTRY ELEMENTS (KOHA)
Source of classification or shelving scheme
Koha item type Book
Holdings
Withdrawn status Lost status Source of classification or shelving scheme Damaged status Not for loan Permanent Location Current Location Date acquired Total Checkouts Total Renewals Full call number Barcode Date last seen Date last checked out Price effective from Koha item type
          Military College of Engineering (MCE) Military College of Engineering (MCE) 09/04/2013 1 1 624.068 AHU MCE-34774 12/19/2017 10/17/2017 09/04/2013 Book
© 2023 Central Library, National University of Sciences and Technology. All Rights Reserved.